000 01468cam a22004574i 4500
003 PE-LiUPU
005 20250731173518.0
008 150616s r 000 0 d
020 _a1562330004
035 _a(Sirsi) i9781562330002
040 _aPE-LiUPU
_bspa
_cPE-LiUPU
_erda
049 _aPRUA
082 0 4 _a264
_bW35S
_221
100 1 _aWebber, Robert E.,
_eautor.
245 1 0 _aSigns of wonder /
_cRobert E. Webber.
264 1 _aNashville, Tennessee :
_bAbbott Martyn,
_c1992.
300 _a156 páginas ;
_c24 centímetros
336 _atext
_2rdacontent
337 _aunmediated
_2rdamedia
338 _avolume
_2rdacarrier
505 0 _aWhat's happening in worshiping churches?.- Six areas of convergence worship
526 _aSEG42
526 _aSEG41
526 _aSEG40
526 _aSEG39
526 _aP94
526 _aP87
526 _aP86
526 _aP85
526 _aP77
526 _aP76
526 _aP35
650 0 4 _aAdoración.
_9831
910 _ajck
_bjvq
_cjck
942 _2ddc
_cBOOK
949 _a264 W35S
_wDEWEY
_c1
_i41820
_lCCODEBUL1
_mBUL
_r0
_sY
_tBOOK
_u2015-6-16
_xTEOLOGIA
_zUNKNOWN
_0COMPRA
_o.STAFF. Colección General
994 _aC0
_bPEPRU
596 _a1
999 _a264 W35S
_wDEWEY
_c59483
_i41820
_f2021-11-10
_g6
_lCCODEBUL1
_mBUL
_r0
_sY
_tBOOK
_u2015-6-16
_xTEOLOGIA
_zUNKNOWN
_0COMPRA
_o.STAFF. Colección General
_d59483
980 _81
_gALBERTO SANCHEZ Responsable de Automatización